Catálogo

Vista normal Vista MARC

Entrada Corporate Name

Número de registros utilizados en: 1

001 - CONTROL NUMBER

  • control field: 13842

003 - CONTROL NUMBER IDENTIFIER

  • control field: DLC

005 - DATE AND TIME OF LATEST TRANSACTION

  • control field: 20230301141417.0

008 - FIXED-LENGTH DATA ELEMENTS

  • fixed length control field: 810415n| acannaab| |a ana |||

010 ## - LIBRARY OF CONGRESS CONTROL NUMBER

  • LC control number: n 81018969
  • Canceled/invalid LC control number: n 83164270

040 ## - CATALOGING SOURCE

  • Original cataloging agency: DLC
  • Transcribing agency: DLC
  • Modifying agency: TxU
  • Modifying agency: Mx-PuUPA
  • Language of cataloging: spa
  • Description conventions: rda

110 20 - HEADING--CORPORATE NAME

  • Corporate name or jurisdiction name as entry element: Banco Nacional de Obras y Servicios Públicos (México)

377 ## - ASSOCIATED LANGUAGE

  • Language code: spa

410 10 - SEE FROM TRACING--CORPORATE NAME

  • Corporate name or jurisdiction name as entry element: México.
  • Subordinate unit: Banco Nacional de Obras y Servicios Públicos

410 20 - SEE FROM TRACING--CORPORATE NAME

  • Corporate name or jurisdiction name as entry element: BANOBRAS

510 20 - SEE ALSO FROM TRACING--CORPORATE NAME

  • Control subfield: a
  • Corporate name or jurisdiction name as entry element: Banco Nacional Hipotecario Urbano y de Obras Públicas (Mexico)

670 ## - SOURCE DATA FOUND

  • Source citation: Banco Nacional de Obras y Servicios Públicos, S.A. : memoria de sus 35 años, 1933-1968, 1969 or 70.

670 ## - SOURCE DATA FOUND

  • Source citation: Its Reforma administrativa, 1971-1975, 1976?:
  • Information found: t.p. (Banco Nacional de Obras y Servicios Públicos) leaf 2, etc. (BANOBRAS; est. 2-20-33 as Banco Nacional Hipotecario Urbano y de Obras Públicas; name changed 12-23-66 to Banco Nacional de Obras y Servicios Públicos)

670 ## - SOURCE DATA FOUND

  • Source citation: Federalismo y desarrollo (Mexico City, Mexico). Federalismo y desarrollo, may.-jun. 1989:
  • Information found: t.p. (Banco Nacional de Obras y Servicios Públicos S.N.C.; BANOBRAS)

670 ## - SOURCE DATA FOUND

  • Source citation: LC data base, 1-3-91
  • Information found: (hdg.: BANOBRAS (Organization); usage: BANOBRAS)

670 ## - SOURCE DATA FOUND

  • Source citation: Europa yrbk., 1980-82, 1990
  • Information found: (in Mexico section: Banco Nacional de Obras y Servicios Públicos)